[Event "40th ECC Open 2025"]
[Site "Rhodes GRE"]
[Date "2025.10.19"]
[Round "1.65"]
[White "Hammari, Vinjar"]
[Black "Reuker, Jari"]
[Result "0-1"]
[BlackTitle "IM"]
[WhiteElo "2119"]
[BlackElo "2390"]
[WhiteTeam "Alta Sjakklubb"]
[BlackTeam "SV Werder Bremen"]
[WhiteFideId "1552007"]
[BlackFideId "12909300"]
[EventDate "2025.10.19"]
[EventType "team"]

1. e4 c6 2. d4 d5 3. e5 c5 4. dxc5 e6 5. Nf3 Bxc5 6. Bd3 Nc6 7. O-O Nge7 8. Bf4
Ng6 9. Bg3 O-O 10. c3 f5 11. h3 f4 12. Bh2 Ncxe5 13. Nxe5 Nxe5 14. Bxh7+ Kxh7
15. Qh5+ Kg8 16. Qxe5 Rf5 17. Qe2 f3 18. Qd3 Qg5 19. g3 Qh5 20. Nd2 Bd7 21. h4
Qg4 22. Rfe1 Raf8 23. Nb3 Bxf2+ 24. Kxf2 Qh3 25. Rh1 Qg2+ 26. Ke3 f2 27. Qf1
Qe4+ 28. Kd2 Bb5 29. Qxb5 f1=Q 30. Raxf1 Rf2+ 0-1

[Event "40th ECC Open 2025"]
[Site "Rhodes GRE"]
[Date "2025.10.19"]
[Round "1.66"]
[White "Schulze, Lara"]
[Black "Brasoy, Aksel"]
[Result "1-0"]
[WhiteTitle "FM"]
[WhiteElo "2319"]
[BlackElo "1946"]
[WhiteTeam "SV Werder Bremen"]
[BlackTeam "Alta Sjakklubb"]
[WhiteFideId "12956830"]
[BlackFideId "1503553"]
[EventDate "2025.10.19"]
[EventType "team"]

1. e4 c5 2. Nf3 e6 3. c3 Nf6 4. e5 Nd5 5. g3 Nc6 6. Bg2 d6 7. exd6 Bxd6 8. O-O
O-O 9. d4 cxd4 10. Nxd4 Nxd4 11. Qxd4 Be7 12. Rd1 Qb6 13. Qxb6 Nxb6 14. a4 a5
15. b3 Rd8 16. Rxd8+ Bxd8 17. c4 Be7 18. Na3 Nd7 19. Nb5 e5 20. Be3 Nc5 21. Bxc5
Bxc5 22. Rd1 Bg4 23. Rd5 Rc8 24. Rxe5 b6 25. Re1 Kf8 26. Nc3 Re8 27. Rxe8+ Kxe8
28. Kf1 Bd4 29. Nb5 Bc5 30. Nc3 Bd4 31. Nb5 Bc5 32. Bc6+ Kf8 33. f3 Bh3+ 34. Ke2
Bg1 35. Nc3 h5 36. Ne4 Bf5 37. Nd2 g5 38. h4 f6 39. Be4 Bxe4 40. Nxe4 gxh4 41.
gxh4 Kf7 42. Kd3 Kg6 43. c5 f5 44. c6 fxe4+ 45. Kxe4 1-0

[Event "40th ECC Open 2025"]
[Site "Rhodes GRE"]
[Date "2025.10.19"]
[Round "1.67"]
[White "Dotzer, Lukas"]
[Black "Zeneli, Klendi"]
[Result "0-1"]
[WhiteTitle "IM"]
[BlackTitle "CM"]
[WhiteElo "2463"]
[BlackElo "2265"]
[WhiteTeam "Schachfreunde Berlin 1903"]
[BlackTeam "Drejtesia Trokadero"]
[WhiteFideId "1666975"]
[BlackFideId "4706609"]
[EventDate "2025.10.19"]
[EventType "team"]

1. d4 d5 2. c4 c6 3. Nf3 Nf6 4. Nc3 e6 5. e3 Nbd7 6. Bd3 dxc4 7. Bxc4 b5 8. Bd3
Bd6 9. O-O O-O 10. Qc2 Bb7 11. e4 e5 12. h3 Re8 13. dxe5 Nxe5 14. Nxe5 Bxe5 15.
Be3 Qe7 16. Ne2 Rad8 17. f4 Bxb2 18. Bc5 Qe6 19. Rad1 Nd7 20. Bb4 a5 21. Bxa5
Ra8 22. Qxb2 Rxa5 23. Bb1 Nb6 24. Nd4 Qf6 25. e5 Qe7 26. Qc2 g6 27. Nxc6 Bxc6
28. Qxc6 Nc4 29. Rd7 Qh4 30. Qc7 Ra3 31. Rd3 Rxd3 32. Bxd3 Ne3 33. Rf2 Rd8 34.
Be2 Rd2 35. Qb8+ Kg7 36. e6 Nd1 37. Qe5+ f6 38. Qc7+ Kh6 39. g3 Qxg3+ 40. Rg2
Qe1+ 41. Kh2 Rxe2 42. e7 Rxg2+ 43. Kxg2 Qf2+ 44. Kh1 Qf3+ 45. Kh2 Ne3 0-1

[Event "40th ECC Open 2025"]
[Site "Rhodes GRE"]
[Date "2025.10.19"]
[Round "1.68"]
[White "Zymberi, Astrit"]
[Black "Baum, Jonasz"]
[Result "0-1"]
[WhiteTitle "FM"]
[BlackTitle "IM"]
[WhiteElo "2068"]
[BlackElo "2446"]
[WhiteTeam "Drejtesia Trokadero"]
[BlackTeam "Schachfreunde Berlin 1903"]
[WhiteFideId "4700295"]
[BlackFideId "1195360"]
[EventDate "2025.10.19"]
[EventType "team"]

1. d4 Nf6 2. c4 c5 3. d5 b5 4. Nf3 b4 5. Qc2 d6 6. e4 Nbd7 7. Bd3 g6 8. O-O Bg7
9. h3 O-O 10. Bf4 Nh5 11. Bh2 e5 12. dxe6 fxe6 13. Nbd2 Nf4 14. Rad1 Bb7 15.
Rfe1 Ne5 16. Nxe5 Bxe5 17. Bf1 Qf6 18. Qb3 Bd4 19. Bxf4 Qxf4 20. Nf3 a5 21. Nxd4
Qxf2+ 22. Kh1 cxd4 23. c5 dxc5 24. Qxe6+ Qf7 25. Qb6 Qe7 26. Rc1 Rac8 27. Bc4+
Kh8 28. Bd5 Bxd5 29. exd5 Qd8 30. Qe6 Rf6 31. Qe4 Qd6 32. Qg4 Rcf8 33. Qe4 Rf5
34. Qe6 Qxd5 35. Qxd5 Rxd5 36. Re7 d3 37. b3 d2 38. Rd1 a4 39. Re2 Rfd8 40. Kg1
axb3 41. axb3 Rd3 0-1

[Event "40th ECC Open 2025"]
[Site "Rhodes GRE"]
[Date "2025.10.19"]
[Round "1.69"]
[White "Schmidek, Emil"]
[Black "Asllani, Muhamet"]
[Result "0-1"]
[WhiteTitle "IM"]
[BlackTitle "CM"]
[WhiteElo "2427"]
[BlackElo "2251"]
[WhiteTeam "Schachfreunde Berlin 1903"]
[BlackTeam "Drejtesia Trokadero"]
[WhiteFideId "12908150"]
[BlackFideId "22100300"]
[EventDate "2025.10.19"]
[EventType "team"]

1. d4 d5 2. c4 c6 3. Nc3 Nf6 4. Nf3 dxc4 5. a4 Bf5 6. e3 e6 7. a5 Nbd7 8. Bxc4
b5 9. axb6 axb6 10. Rxa8 Qxa8 11. Nh4 Bg4 12. f3 Bh5 13. g4 g5 14. Ng2 Bg6 15.
h4 gxh4 16. Nxh4 Bg7 17. Nxg6 hxg6 18. Rxh8+ Bxh8 19. e4 b5 20. Bb3 Bg7 21. Bf4
Kf8 22. Qb1 Kg8 23. Qa2 Qb7 24. e5 Nd5 25. Nxd5 exd5 26. Bc2 Qb6 27. e6 fxe6 28.
Bxg6 Qxd4 29. Qa8+ Nf8 30. Qb8 e5 31. Bg5 Qg1+ 32. Kd2 Qf2+ 33. Kc1 e4 34. fxe4
Qg1+ 35. Kc2 Qxg4 36. Qd8 Qg2+ 37. Kd3 Qxb2 38. Bd2 dxe4+ 39. Kxe4 Qb1+ 0-1

[Event "40th ECC Open 2025"]
[Site "Rhodes GRE"]
[Date "2025.10.19"]
[Round "1.70"]
[White "Mehmeti, Shqipdon"]
[Black "Florstedt, Johannes"]
[Result "0-1"]
[BlackTitle "FM"]
[WhiteElo "2148"]
[BlackElo "2413"]
[WhiteTeam "Drejtesia Trokadero"]
[BlackTeam "Schachfreunde Berlin 1903"]
[WhiteFideId "22100610"]
[BlackFideId "12922293"]
[EventDate "2025.10.19"]
[EventType "team"]

1. e4 c6 2. d4 d5 3. e5 c5 4. dxc5 e6 5. Be3 Nd7 6. Bb5 Ne7 7. f4 Nc6 8. Bxc6
bxc6 9. b4 a5 10. c3 g5 11. Nf3 gxf4 12. Bd4 Ba6 13. Qd2 Rg8 14. Kf2 Bh6 15. Na3
Nf8 16. Rhb1 Ng6 17. Nc2 Nh4 18. Nce1 axb4 19. Rxb4 Nf5 20. Kg1 Kf8 21. Nd3 Nh4
22. Nxh4 Qxh4 23. Qf2 Rxg2+ 24. Qxg2 Bxd3 25. h3 Bf5 26. Bf2 Qh5 27. Kh2 Bg6 28.
Bd4 Qf5 29. Qg4 Qc2+ 30. Qg2 Qd3 31. Rab1 Qxb1 32. Rxb1 Bxb1 33. Qg4 Rxa2+ 34.
Kg1 Be4 35. Qh4 Rg2+ 36. Kf1 Bg5 37. Qh5 f3 38. Ke1 Bd2+ 39. Kd1 Bf4 40. Ke1
Re2+ 41. Kf1 Bg3 42. Qh6+ Ke8 43. Qc1 Re1+ 0-1

[Event "40th ECC Open 2025"]
[Site "Rhodes GRE"]
[Date "2025.10.19"]
[Round "1.71"]
[White "Poltorak, Sebastian"]
[Black "Ermeni, Avni"]
[Result "1/2-1/2"]
[WhiteTitle "IM"]
[BlackTitle "FM"]
[WhiteElo "2413"]
[BlackElo "2126"]
[WhiteTeam "Schachfreunde Berlin 1903"]
[BlackTeam "Drejtesia Trokadero"]
[WhiteFideId "1199498"]
[BlackFideId "912840"]
[EventDate "2025.10.19"]
[EventType "team"]

1. d4 Nf6 2. Nf3 c5 3. d5 d6 4. Nc3 g6 5. e4 Bg7 6. Bb5+ Nfd7 7. a4 O-O 8. O-O
Na6 9. Re1 Nc7 10. Bf1 b6 11. Bf4 a6 12. Qd2 Rb8 13. e5 dxe5 14. Nxe5 Nxe5 15.
Bxe5 Bxe5 16. Rxe5 Qd6 17. Rae1 e6 18. Qh6 f6 19. R5e4 Nxd5 20. Nxd5 Qxd5 21.
Bc4 Qg5 22. Qh3 f5 23. Bxe6+ Kg7 24. R4e2 Bb7 25. Ba2 Rbe8 26. f4 Qd8 27. Qc3+
Kh6 28. Bc4 Rxe2 29. Rxe2 Re8 30. Rd2 Qe7 31. Bf1 Rd8 32. Re2 Qd6 33. a5 b5 34.
Re5 c4 35. Qg3 Qd4+ 36. Kh1 Rd7 37. c3 Qd6 38. Rxf5 Kg7 39. Re5 Qd2 40. Re2 Qc1
41. Kg1 Rf7 42. Rf2 Be4 43. h4 Bd3 44. h5 Re7 45. hxg6 Re1 46. gxh7+ Kxh7 47.
Qh3+ Kg7 48. Qg4+ Kf6 49. Qg5+ Kf7 50. Qd5+ Kg7 51. Qd7+ Kf6 52. Qc6+ Kg7 53.
Qb7+ Kf8 54. Qc8+ Kf7 55. Qd7+ Kf8 56. Qd6+ Kf7 57. Qd5+ Kf6 58. Qg5+ Kf7 59.
Qh5+ Kf6 60. Qh8+ 1/2-1/2

[Event "40th ECC Open 2025"]
[Site "Rhodes GRE"]
[Date "2025.10.19"]
[Round "1.72"]
[White "Fejzullahu, Afrim"]
[Black "Polzin, Rainer"]
[Result "0-1"]
[WhiteTitle "FM"]
[BlackTitle "GM"]
[WhiteElo "2207"]
[BlackElo "2393"]
[WhiteTeam "Drejtesia Trokadero"]
[BlackTeam "Schachfreunde Berlin 1903"]
[WhiteFideId "905631"]
[BlackFideId "4610741"]
[EventDate "2025.10.19"]
[EventType "team"]

1. e4 c5 2. c3 e6 3. d4 d5 4. e5 Nc6 5. Nf3 Bd7 6. Be2 Rc8 7. O-O Nge7 8. a3 Nf5
9. b4 cxd4 10. cxd4 Qb6 11. Be3 Be7 12. g4 Nxe3 13. fxe3 a6 14. Nbd2 Na7 15. Bd3
Rc3 16. Qe2 Bb5 17. Bxb5+ Qxb5 18. Qf2 Qd3 19. Nb1 Rc7 20. Nbd2 O-O 21. Rfd1 Nb5
22. Nf1 Qg6 23. Qg2 Rfc8 24. Ne1 Nc3 25. Rd2 Ne4 26. Rdd1 Bh4 27. Ra2 Nc3 0-1

[Event "40th ECC Open 2025"]
[Site "Rhodes GRE"]
[Date "2025.10.19"]
[Round "1.73"]
[White "Stevik, Patrik"]
[Black "Ragger, Markus"]
[Result "0-1"]
[WhiteTitle "FM"]
[BlackTitle "GM"]
[WhiteElo "2312"]
[BlackElo "2567"]
[WhiteTeam "SK Modra"]
[BlackTeam "SG Riehen"]
[WhiteFideId "14944812"]
[BlackFideId "1610856"]
[EventDate "2025.10.19"]
[EventType "team"]

1. e4 c5 2. c3 Nf6 3. e5 Nd5 4. Nf3 e6 5. d4 cxd4 6. cxd4 d6 7. Bc4 Be7 8. O-O
O-O 9. Qe2 Nd7 10. Bd2 dxe5 11. dxe5 N5b6 12. Ba5 Qe8 13. Bb5 a6 14. Bxb6 axb5
15. Qxb5 Nxb6 16. Qxb6 Ra6 17. Qe3 b5 18. Nbd2 b4 19. Nd4 Bb7 20. Rfc1 Qa8 21.
Qg3 Rxa2 22. Rxa2 Qxa2 23. Rc7 Qa1+ 24. Nf1 Ba6 25. h4 Qxf1+ 26. Kh2 Re8 27. Qf3
Bb5 28. Rb7 Qc4 29. Nxb5 Qxh4+ 30. Kg1 Rc8 31. Qd1 Bc5 32. Rxf7 Rd8 33. Qf3
Bxf2+ 34. Kf1 Bc5 35. Nd6 Bxd6 36. exd6 Qc4+ 37. Kg1 Qd4+ 38. Kh1 Qxd6 39. Rf4
Rc8 40. Qe4 Rc1+ 41. Kh2 g5 42. Qa8+ Kg7 43. Qa7+ Kh6 0-1

[Event "40th ECC Open 2025"]
[Site "Rhodes GRE"]
[Date "2025.10.19"]
[Round "1.74"]
[White "Rosner, Jonas"]
[Black "Federic, Jozef"]
[Result "1-0"]
[WhiteTitle "IM"]
[BlackTitle "FM"]
[WhiteElo "2431"]
[BlackElo "2219"]
[WhiteTeam "SG Riehen"]
[BlackTeam "SK Modra"]
[WhiteFideId "24608513"]
[BlackFideId "14910659"]
[EventDate "2025.10.19"]
[EventType "team"]

1. e4 c5 2. Nf3 e6 3. d4 cxd4 4. Nxd4 a6 5. Nc3 b5 6. Bd3 Bb7 7. O-O Qc7 8. Re1
Be7 9. e5 Nc6 10. Nxc6 Bxc6 11. Qg4 g6 12. Ne4 f5 13. exf6 Nxf6 14. Nxf6+ Bxf6
15. Bf4 Qb7 16. Be5 Rf8 17. Rad1 O-O-O 18. Bd6 h5 19. Qb4 Rf7 20. a4 Bxg2 21.
axb5 axb5 22. Bxb5 Bh4 23. Qxh4 Qxb5 24. Kxg2 Rf5 25. Qe4 Rg5+ 26. Bg3 1-0

[Event "40th ECC Open 2025"]
[Site "Rhodes GRE"]
[Date "2025.10.19"]
[Round "1.75"]
[White "Banas, Kamil"]
[Black "Brunner, Nicolas"]
[Result "1/2-1/2"]
[BlackTitle "IM"]
[WhiteElo "2194"]
[BlackElo "2429"]
[WhiteTeam "SK Modra"]
[BlackTeam "SG Riehen"]
[WhiteFideId "14902141"]
[BlackFideId "620246"]
[EventDate "2025.10.19"]
[EventType "team"]

1. e4 c5 2. c4 Nc6 3. Ne2 Nf6 4. Nbc3 e6 5. d4 cxd4 6. Nxd4 Bb4 7. Nxc6 bxc6 8.
Bd3 e5 9. O-O O-O 10. Na4 d5 11. cxd5 cxd5 12. exd5 Qxd5 13. Be2 Bb7 14. Qxd5
Nxd5 15. a3 Be7 16. Bd2 Bc6 17. Nc3 Nf4 18. Bxf4 exf4 19. Bf3 Bxf3 20. gxf3 Bf6
21. Rab1 Rab8 22. Na4 Rb3 23. Kg2 Rfb8 24. Rfd1 h5 25. Rbc1 Bxb2 26. Nxb2 Rxb2
27. Rc7 Ra2 28. Rxa7 Rbb2 29. Rf1 g6 30. Ra4 Kg7 31. Rb4 Rxb4 32. axb4 Rb2 33.
Ra1 Rxb4 34. Ra6 g5 35. h3 Rb2 36. Rc6 f6 37. Rc8 Rb7 38. Ra8 Rb6 39. Rc8 Ra6
40. Rb8 Ra7 41. Rc8 Kg6 42. Rg8+ Rg7 43. Ra8 Rd7 44. Rg8+ Kf5 45. Rh8 h4 46. Rg8
Rd6 47. Re8 Re6 48. Ra8 Kg6 49. Rg8+ Kf7 50. Ra8 f5 51. Rb8 Kg7 52. Ra8 Rf6 53.
Rb8 Rf7 54. Ra8 Kg6 55. Rg8+ Rg7 56. Rf8 Rf7 57. Rg8+ Rg7 58. Rf8 Rf7 1/2-1/2

[Event "40th ECC Open 2025"]
[Site "Rhodes GRE"]
[Date "2025.10.19"]
[Round "1.76"]
[White "Haag, Gregor"]
[Black "Lednicky, Martin"]
[Result "1-0"]
[WhiteTitle "FM"]
[WhiteElo "2403"]
[BlackElo "2109"]
[WhiteTeam "SG Riehen"]
[BlackTeam "SK Modra"]
[WhiteFideId "24680931"]
[BlackFideId "14904535"]
[EventDate "2025.10.19"]
[EventType "team"]

1. d4 d5 2. c4 c6 3. Nf3 Nf6 4. Nc3 a6 5. e3 b5 6. b3 e6 7. Bd3 Be7 8. O-O Nbd7
9. Bb2 O-O 10. Qc2 h6 11. c5 Qc7 12. h3 Kh8 13. b4 a5 14. a3 axb4 15. axb4 Bb7
16. Rae1 Rfe8 17. Ne2 Ra4 18. Bc3 Rea8 19. Ne5 Nxe5 20. dxe5 Ra2 21. Qb1 Nd7 22.
f4 f5 23. Nd4 Nf8 24. Qd1 R8a3 25. Bb1 Bh4 26. Bxa2 Bxe1 27. Bxe1 Rxa2 28. Qh5
Ra8 29. g4 fxg4 30. hxg4 Kg8 31. Bg3 Qf7 32. Qxf7+ Kxf7 33. f5 exf5 34. gxf5 Ra3
35. e6+ Ke8 36. f6 gxf6 37. Rxf6 Rxe3 38. Bd6 Nh7 39. Rg6 Nf8 40. Rg8 1-0

[Event "40th ECC Open 2025"]
[Site "Rhodes GRE"]
[Date "2025.10.19"]
[Round "1.77"]
[White "Skreno, Vladimir"]
[Black "Jaeggi, Dorian"]
[Result "0-1"]
[WhiteTitle "CM"]
[BlackTitle "FM"]
[WhiteElo "2108"]
[BlackElo "2327"]
[WhiteTeam "SK Modra"]
[BlackTeam "SG Riehen"]
[WhiteFideId "14902893"]
[BlackFideId "1306294"]
[EventDate "2025.10.19"]
[EventType "team"]

1. d4 d5 2. c4 c6 3. cxd5 cxd5 4. Nc3 Nf6 5. Nf3 Nc6 6. Bf4 a6 7. e3 Bg4 8. Be2
e6 9. O-O Bd6 10. Bg5 O-O 11. Rc1 h6 12. Bxf6 Qxf6 13. Na4 Qe7 14. a3 Rfd8 15.
h3 Bxf3 16. Bxf3 Rac8 17. Nb6 Rb8 18. Qe2 Bc7 19. Na4 e5 20. dxe5 Qxe5 21. g3 d4
22. Bxc6 bxc6 23. Rxc6 dxe3 24. Qxe3 Qxe3 25. fxe3 Bxg3 26. Kg2 Bh4 27. b4 Rd3
28. Rc3 Rd2+ 29. Kf3 Re8 30. Nc5 Re5 31. e4 Rg5 32. Kf4 Rgg2 33. Nxa6 Rd6 34.
Ke5 Rxa6 35. Rc8+ Kh7 36. Rxf7 Rxa3 37. Rc4 Rxh3 38. Kd5 Bf6 39. b5 Rb3 40. Kc6
Rg5 41. Rc5 Rg6 42. Kd5 Rd3+ 0-1

[Event "40th ECC Open 2025"]
[Site "Rhodes GRE"]
[Date "2025.10.19"]
[Round "1.78"]
[White "Collin, Moritz Valentin"]
[Black "Kostelny, Jozef"]
[Result "1-0"]
[WhiteTitle "FM"]
[WhiteElo "2282"]
[BlackElo "2093"]
[WhiteTeam "SG Riehen"]
[BlackTeam "SK Modra"]
[WhiteFideId "1342932"]
[BlackFideId "14903458"]
[EventDate "2025.10.19"]
[EventType "team"]

1. e4 c5 2. Nf3 a6 3. c3 Nf6 4. e5 Nd5 5. d4 e6 6. Bd3 d6 7. O-O Nc6 8. Qe2 Qc7
9. Be4 dxe5 10. dxe5 Nde7 11. Bf4 b5 12. a4 Rb8 13. Na3 c4 14. Rfd1 Ng6 15. Bg3
Bxa3 16. Rxa3 O-O 17. axb5 axb5 18. Rd6 Bb7 19. Ng5 Ncxe5 20. Bxe5 Bxe4 21. Qxe4
Rbd8 22. Raa6 Qc5 23. Nf3 Qc8 24. h4 f6 25. Bg3 1-0

[Event "40th ECC Open 2025"]
[Site "Rhodes GRE"]
[Date "2025.10.19"]
[Round "1.80"]
[White "Kienboeck, Benjamin"]
[Black "Hracek, Zbynek"]
[Result "1/2-1/2"]
[WhiteTitle "FM"]
[BlackTitle "GM"]
[WhiteElo "2250"]
[BlackElo "2539"]
[WhiteTeam "SMK Juoda Balta"]
[BlackTeam "Sigil Fund Pardubice"]
[WhiteFideId "1649353"]
[BlackFideId "300071"]
[EventDate "2025.10.19"]
[EventType "team"]

1. e4 c5 2. Nf3 e6 3. d4 cxd4 4. Nxd4 Nc6 5. Nc3 Nf6 6. Ndb5 d6 7. Bf4 e5 8. Bg5
a6 9. Na3 b5 10. Nd5 Be7 11. Bxf6 Bxf6 12. c3 Ne7 13. Nxf6+ gxf6 14. c4 f5 15.
Bd3 Bb7 16. exf5 Rg8 17. f6 Ng6 18. Qg4 Qxf6 19. Be4 h5 20. Qf3 Qxf3 21. gxf3
Rb8 22. cxb5 axb5 23. Nxb5 Bxe4 24. Nxd6+ Ke7 25. Nxe4 Rxb2 26. Rg1 Ra8 27. Rg5
h4 28. f4 Ra4 29. Nc3 Rc4 30. Nd5+ Ke6 31. f5+ Kxd5 32. fxg6 fxg6 33. Rxg6 Re4+
34. Kf1 Rf4 35. Kg1 Rfxf2 36. Rd1+ Rfd2 37. Rxd2+ Rxd2 38. Rg4 e4 39. Rxh4 Rxa2
40. Kf1 Kd4 41. Rh3 1/2-1/2

[Event "40th ECC Open 2025"]
[Site "Rhodes GRE"]
[Date "2025.10.19"]
[Round "1.81"]
[White "Nemec, Jachym"]
[Black "Novkovic, Milan"]
[Result "1-0"]
[WhiteTitle "FM"]
[BlackTitle "IM"]
[WhiteElo "2448"]
[BlackElo "2326"]
[WhiteTeam "Sigil Fund Pardubice"]
[BlackTeam "SMK Juoda Balta"]
[WhiteFideId "23716525"]
[BlackFideId "1613103"]
[EventDate "2025.10.19"]
[EventType "team"]

1. Nf3 Nf6 2. g3 d5 3. Bg2 c6 4. O-O Bg4 5. d3 Nbd7 6. h3 Bh5 7. Qe1 e5 8. e4
dxe4 9. dxe4 Be7 10. Nh4 O-O 11. Nf5 Bg6 12. Nxe7+ Qxe7 13. f3 Nc5 14. Be3 Nfd7
15. a4 f6 16. a5 b5 17. axb6 axb6 18. Rxa8 Rxa8 19. Qb4 Ra4 20. Qd2 Ra2 21. Nc3
Rxb2 22. Qc1 Rb4 23. Qa3 Rd4 24. Bxd4 exd4 25. Ne2 Be8 26. Nxd4 Qe5 27. Nf5 g6
28. f4 Qe6 29. Nd4 Qd6 30. c3 Nf8 31. Qa8 Bf7 32. Qxc6 Qxc6 33. Nxc6 Na4 34. Rc1
Nd7 35. e5 fxe5 36. Nxe5 Nxe5 37. fxe5 Be6 38. h4 Kf7 39. Kf2 Ke7 40. Ke3 Nc5
41. Ra1 Bd7 42. Ra7 1-0

[Event "40th ECC Open 2025"]
[Site "Rhodes GRE"]
[Date "2025.10.19"]
[Round "1.82"]
[White "Mierins, Emils Janis"]
[Black "Delgerdalai, Bayarjavkhlan"]
[Result "0-1"]
[BlackTitle "FM"]
[WhiteElo "2199"]
[BlackElo "2376"]
[WhiteTeam "SMK Juoda Balta"]
[BlackTeam "Sigil Fund Pardubice"]
[WhiteFideId "11616830"]
[BlackFideId "23727276"]
[EventDate "2025.10.19"]
[EventType "team"]

1. e4 c5 2. Nf3 Nc6 3. d4 cxd4 4. Nxd4 Nf6 5. Nc3 e5 6. Ndb5 d6 7. Nd5 Nxd5 8.
exd5 Ne7 9. c4 Ng6 10. Be2 a6 11. Nc3 Be7 12. O-O O-O 13. b4 f5 14. a4 e4 15. a5
Bf6 16. Ra3 Be5 17. f4 exf3 18. Rxf3 f4 19. c5 Nh4 20. c6 Qf6 21. Na4 Nxf3+ 22.
Bxf3 Bf5 23. Kh1 Rae8 24. Bd2 Bd4 25. Bc3 Bxc3 26. Rxc3 Qh4 27. Be2 Qf2 28. Bf1
Bg4 29. Rf3 Bxf3 30. Qxf3 Qc2 31. Nb6 Re3 32. Qg4 Qc1 33. Kg1 f3 34. g3 f2+ 35.
Kg2 Qxf1+ 0-1

[Event "40th ECC Open 2025"]
[Site "Rhodes GRE"]
[Date "2025.10.19"]
[Round "1.83"]
[White "Stehno, Pavel"]
[Black "Pfaltz, Maximilian"]
[Result "1-0"]
[WhiteElo "2305"]
[BlackElo "2105"]
[WhiteTeam "Sigil Fund Pardubice"]
[BlackTeam "SMK Juoda Balta"]
[WhiteFideId "313467"]
[BlackFideId "1346741"]
[EventDate "2025.10.19"]
[EventType "team"]

1. e4 c5 2. Nf3 d6 3. Bc4 a6 4. c3 Nf6 5. d3 b5 6. Bb3 Bb7 7. Nbd2 Nbd7 8. O-O
e6 9. Re1 Be7 10. d4 Qc7 11. Bc2 Rc8 12. Bd3 O-O 13. h3 c4 14. Bc2 e5 15. Nf1
Rfe8 16. Ng3 Bf8 17. d5 a5 18. Bd2 Qb6 19. Nh2 Nc5 20. Qf3 b4 21. Nf5 Ncd7 22.
g4 Kh8 23. g5 Ng8 24. Ng4 bxc3 25. Bxc3 Qd8 26. Ba4 g6 27. Nfe3 Re7 28. Bb5 f6
29. Nxc4 Rf7 30. Nxa5 Ba8 31. Nc6 Qe8 32. Nxf6 Ngxf6 33. gxf6 Rxf6 34. Qg4 h5
35. Qg5 Qf7 36. f4 Rxf4 37. Rf1 Kh7 38. Nd8 Qe7 39. Ne6 Rxf1+ 40. Rxf1 Qxg5+ 41.
Nxg5+ Kh6 42. Bxd7 Rc7 43. Ne6 1-0

[Event "40th ECC Open 2025"]
[Site "Rhodes GRE"]
[Date "2025.10.19"]
[Round "1.84"]
[White "Kraucenka, Justas"]
[Black "Bujnoch, Radek"]
[Result "0-1"]
[BlackTitle "FM"]
[WhiteElo "1667"]
[BlackElo "2247"]
[WhiteTeam "SMK Juoda Balta"]
[BlackTeam "Sigil Fund Pardubice"]
[WhiteFideId "12835790"]
[BlackFideId "313300"]
[EventDate "2025.10.19"]
[EventType "team"]

1. d4 d5 2. c4 c6 3. cxd5 cxd5 4. Nc3 Nf6 5. Bf4 Nc6 6. e3 a6 7. Bd3 Bg4 8. Nge2
e6 9. h3 Bh5 10. a3 Bd6 11. Bxd6 Qxd6 12. O-O O-O 13. Rc1 Rfc8 14. Qd2 b5 15.
Nf4 Bg6 16. Nxg6 hxg6 17. Rfe1 Nd7 18. Na2 Nb6 19. Rc2 Nc4 20. Bxc4 bxc4 21. Nc3
Rab8 22. Na4 Rb5 23. Nc5 Nb8 24. a4 Rb6 25. Qa5 Rcc6 26. Ra1 Nd7 27. Nxd7 Qxd7
28. Ra2 Qc7 29. Ra3 Rxb2 30. Qxc7 Rb1+ 31. Kh2 Rxc7 32. Kg3 Rcb7 33. Kf3 Kf8 34.
Raa2 R7b3 35. g3 Ke7 36. Ke2 Kd6 37. Kd2 Kc6 38. e4 Rd3+ 39. Ke2 Rxd4 40. exd5+
exd5 41. Ra3 Re4+ 42. Kd2 Kc5 43. Rf3 f5 44. Ra2 d4 45. Kc2 Rbe1 46. Kb2 Kb4 47.
Re3 dxe3 0-1

[Event "40th ECC Open 2025"]
[Site "Rhodes GRE"]
[Date "2025.10.19"]
[Round "1.85"]
[White "Pilgaard, Kim"]
[Black "Lopez Martinez, Josep Manuel"]
[Result "1/2-1/2"]
[WhiteTitle "IM"]
[BlackTitle "GM"]
[WhiteElo "2353"]
[BlackElo "2477"]
[WhiteTeam "Bronshoj Skak Forening"]
[BlackTeam "Silla-Integrant Col.lectius"]
[WhiteFideId "1400657"]
[BlackFideId "2212943"]
[EventDate "2025.10.19"]
[EventType "team"]

1. d4 Nf6 2. c4 e6 3. Nc3 Bb4 4. e3 O-O 5. Bd3 c5 6. Nf3 cxd4 7. exd4 d5 8. O-O
dxc4 9. Bxc4 b6 10. Bg5 Bb7 11. Ne5 h6 12. Bh4 Be7 13. Re1 Nbd7 14. Nxd7 Qxd7
15. d5 exd5 16. Bxd5 Rad8 17. Bxb7 Qxb7 18. Qe2 Rd7 19. Rad1 Rfd8 20. Rxd7 Rxd7
21. Rd1 Rxd1+ 22. Qxd1 b5 23. b3 g5 24. Bg3 b4 25. Ne2 Ne4 26. Be5 Qb5 27. Bd4
Qd5 28. Qc2 Bc5 29. Bxc5 Nxc5 30. Ng3 Nd3 31. Qc8+ Kh7 32. Nf5 Qe5 33. Ne3 Qa1+
34. Nf1 Kg7 35. Qd7 Nf4 36. Qd2 a5 37. g3 Ne6 38. Kg2 Qc3 39. Qd5 Qc5 40. Qe4
Qd4 41. Qa8 Qd8 42. Qe4 Qd4 43. Qa8 Qd8 1/2-1/2

[Event "40th ECC Open 2025"]
[Site "Rhodes GRE"]
[Date "2025.10.19"]
[Round "1.86"]
[White "Olsen, Filip Boe"]
[Black "Carstensen, Jacob"]
[Result "1-0"]
[WhiteTitle "IM"]
[BlackTitle "IM"]
[WhiteElo "2451"]
[BlackElo "2316"]
[WhiteTeam "Silla-Integrant Col.lectius"]
[BlackTeam "Bronshoj Skak Forening"]
[WhiteFideId "1440640"]
[BlackFideId "1404180"]
[EventDate "2025.10.19"]
[EventType "team"]

1. Nf3 d5 2. g3 Nf6 3. Bg2 g6 4. c4 c6 5. b3 Bg7 6. Bb2 O-O 7. O-O Bf5 8. d4
Nbd7 9. Nbd2 Ne4 10. Nh4 Nxd2 11. Qxd2 Be6 12. e4 dxe4 13. Bxe4 Nf6 14. Bg2 Qd7
15. Rfe1 Rad8 16. Qa5 Ne8 17. Qxa7 Nd6 18. Nf3 Qc7 19. Bc3 Ra8 20. Qc5 Bf5 21.
Nh4 Rfd8 22. a4 Bf6 23. Rac1 Bd7 24. Nf3 b6 25. Qa3 b5 26. Ne5 bxa4 27. bxa4 Be8
28. a5 Bxe5 29. dxe5 Nxc4 30. Qa2 Nxa5 31. Ra1 Nb7 32. Qxa8 Rxa8 33. Rxa8 Kf8
34. Rd1 Qb6 35. Bd2 f6 36. Bh6+ Kf7 37. e6+ Kxe6 38. Rxe8 g5 39. Re1+ Kf5 40.
R8xe7 Nc5 41. Bf8 h5 42. h3 g4 43. Rg7 Qa5 44. Re3 Qa1+ 45. Kh2 Qc1 46. Bxc5
Qxc5 47. Bf1 Qc1 48. Bd3# 1-0